[Event "Czechia KP-chTB 0607"]
[Site "Czech Republic"]
[Date "2007.03.18"]
[Round "10.5"]
[White "Vancura, Milan"]
[Black "Havlik, Frantisek"]
[Result "0-1"]
[WhiteElo "1799"]
[BlackElo "2088"]
[PlyCount "84"]
[EventDate "2006.10.29"]
[EventType "team"]
[EventRounds "11"]
[EventCountry "CZE"]
[SourceTitle "EXT 2008"]
[Source "ChessBase"]
[SourceDate "2007.11.25"]
[SourceVersion "1"]
[SourceVersionDate "2007.11.25"]
[SourceQuality "1"]
[WhiteTeam "Sendrazice"]
[BlackTeam "Ricany III"]
[WhiteTeamCountry "CZE"]
[BlackTeamCountry "CZE"]

1. e4 c5 2. c3 Nf6 3. e5 Nd5 4. d4 e6 5. Nf3 cxd4 6. cxd4 b6 7. Be2 Be7 8. 0-0 Bb7 9. Nc3 Nxc3 10. bxc3 Nc6 11. Be3 d6 12. exd6 Qxd6 13. Rc1 0-0 14. Bd3 Rac8 15. Bb1 Bf6 16. Qd3 g6 17. h4 Ne7 18. Bg5 Bg7 19. h5 Rc7 20. Rfe1 Rfc8 21. Bd2 Nd5 22. Ne5 Nf6 23. hxg6 hxg6 24. Re3 Qf8 25. Rh3 Be4 26. Qg3 Bxb1 27. Rxb1 Qa3 28. Bg5 Rxc3 29. Qf4 Rxh3 30. Bxf6 Bxf6 31. gxh3 Bxe5 32. dxe5 Qxh3 33. Rd1 Qh5 34. Rd7 g5 35. Qd2 Qg4+ 36. Kf1 Qc4+ 37. Kg2 Qe4+ 38. f3 Qxe5 39. Rxa7 Qf5 40. Kg3 Rc2 41. Qd8+ Kh7 42. Ra4 Qe5+ 0-1

[Event "Czechia KP-chTB 0607"]
[Site "Czech Republic"]
[Date "2006.12.10"]
[Round "4.7"]
[White "Vancura, Milan"]
[Black "Riha, Jaroslav"]
[Result "0-1"]
[WhiteElo "1799"]
[BlackElo "2075"]
[PlyCount "62"]
[EventDate "2006.10.29"]
[EventType "team"]
[EventRounds "11"]
[EventCountry "CZE"]
[SourceTitle "EXT 2008"]
[Source "ChessBase"]
[SourceDate "2007.11.25"]
[SourceVersion "1"]
[SourceVersionDate "2007.11.25"]
[SourceQuality "1"]
[WhiteTeam "Sendrazice"]
[BlackTeam "Ricany II"]
[WhiteTeamCountry "CZE"]
[BlackTeamCountry "CZE"]

1. e4 e5 2. Nf3 Nc6 3. d4 exd4 4. Nxd4 Bc5 5. Be3 Qf6 6. c3 Nge7 7. Bc4 0-0 8. 0-0 d6 9. Nxc6 Nxc6 10. Bxc5 dxc5 11. Nd2 Ne5 12. Be2 Rd8 13. Qc2 Qf4 14. Rad1 Bg4 15. Bxg4 Qxg4 16. f4 Nd3 17. h3 Qe2 18. Qb3 b6 19. Rf3 Rd7 20. Nf1 Nxf4 21. Ne3 Rad8 22. Rdf1 Rf8 23. R1f2 Qe1+ 24. Rf1 Ne2+ 25. Kh2 Qh4 26. Qb5 Rd2 27. R1f2 Nxc3 28. Qf1 Rxf2 29. Rxf2 Nxe4 30. Rf4 Qg3+ 31. Kh1 Qxe3 0-1